| 000 | 01262cam a22003015i 4500 | ||
|---|---|---|---|
| 999 |
_c15931 _d15931 |
||
| 003 | EG-ScBUE | ||
| 005 | 20200121104056.0 | ||
| 008 | 200121s1984 ua g b 000 0 ara d | ||
| 017 | _a84 / 2731 | ||
| 040 |
_aEG- ScBUE _bara _erda _cEG- ScBUE _dEG- ScBUE |
||
| 041 | 1 |
_aara _hrus |
|
| 082 | 0 | 4 |
_a809.93356 _bإ ي ف _222 |
| 100 | 1 |
_aإيفاشيفا، فالينتينا، _eمؤلف. |
|
| 245 | 1 | 2 |
_aعلى مشارف القرن الواحد والعشرين : _bالثورة التكنولوجية والأدب / _cفالينتينا إيفاشيفا ؛ ترجمة فخرى لبيب. |
| 264 | 1 |
_aالقاهرة : _bدار الثقافة الجديدة، _c1984. |
|
| 300 |
_a278 صفحة ؛ _c24 سم |
||
| 336 |
_aنص _btxt _2rdacontent |
||
| 337 |
_aبدون وسيط _bn _2rdamedia |
||
| 338 |
_aمجلد _bnc _2rdacarrier |
||
| 504 | _aيشتمل على إرجاعات ببليوجرافية. | ||
| 546 | _aالنص باللغة العربية ؛ مترجم من اللغة الروسية. | ||
| 650 | 7 |
_aالتكنولوجيا في الأدب. _2BUEsh _926939 |
|
| 650 | 7 |
_aالأدب _xتاريخ ونقد _2BUEsh _915991 |
|
| 651 | _2BUEsh | ||
| 653 |
_bARALIT _bGGEN _cAugust2011 |
||
| 700 | 1 |
_aلبيب، فخري، _eمترجم. |
|
| 942 |
_2ddc _cBB |
||